| 000 | 00450nam a22001457a 4500 | ||
|---|---|---|---|
| 082 | _aP-248 | ||
| 100 |
_aAtif Hussain syn no 5 _948004 |
||
| 245 |
_aDevelopment of Geographic Database for the Conversion of Paper Maps into Digital maps & GIS Applications _cAtif Hussain, Aziz Ali |
||
| 260 |
_aRisalpur _bMCE _c23 April 2003 |
||
| 300 | _aP-146 | ||
| 526 |
_a0 _b0 _c0 _dP_248 |
||
| 650 | _aProject | ||
| 700 |
_aMalik Azhar _948005 |
||
| 942 |
_2ddc _cBK |
||
| 999 |
_c551061 _d551061 |
||